Las grandes culturas de Mesoamérica (Record no. 9262)

MARC details
000 -CABECERA
campo de control de longitud fija 00951nam a2200289 a 4500
001 - NÚMERO DE CONTROL
campo de control BRL_450
005 - FECHA Y HORA DE LA ÚLTIMA TRANSACCIÓN
campo de control 20190320210740.0
008 - DATOS DE LONGITUD FIJA--INFORMACIÓN GENERAL
campo de control de longitud fija 140813s1980----mx-a######---#000-0#spa-#
020 ## - NÚMERO INTERNACIONAL ESTÁNDAR DEL LIBRO
Número Internacional Estándar del Libro 9683800025
041 ## - CÓDIGO DE LENGUA
Código de lengua del texto/banda sonora o título independiente spa
044 ## - CÓDIGO DEL PAÍS DE LA ENTIDAD EDITORA/PRODUCTORA
Código MARC del país mx
050 #4 - SIGNATURA TOPOGRÁFICA DE LA BIBLIOTECA DEL CONGRESO
Número de clasificación F1219
Número de documento/Ítem .S63 1980
100 1# - ENTRADA PRINCIPAL--NOMBRE DE PERSONA
Nombre de persona Sodi M., Demetrio
9 (RLIN) 22706
245 10 - MENCIÓN DE TÍTULO
Título Las grandes culturas de Mesoamérica
Resto del título desde la llegada del hombre al Continente Americano hasta la última de las Culturas Prehispánicas
Número de parte o sección de la obra Demetrio Sodi M.
260 ## - PUBLICACIÓN, DISTRIBUCIÓN, ETC.
Lugar de publicación, distribución, etc. México
Nombre del editor, distribuidor, etc. Panorama editorial
Fecha de publicación, distribución, etc. 1980
300 ## - DESCRIPCIÓN FÍSICA
Extensión 199 p.
Otras características físicas il.
Dimensiones 18 cm.
440 #0 - MENCIÓN DE SERIE/PUNTO DE ACCESO ADICIONAL--TÍTULO
Título Colección Panorama
9 (RLIN) 22783
500 ## - NOTA GENERAL
Nota general Au477
504 ## - NOTA DE BIBLIOGRAFÍA, ETC.
Nota de bibliografía, etc. Bibliografía: p. 195-199
504 ## - NOTA DE BIBLIOGRAFÍA, ETC.
Nota de bibliografía, etc. Incluye dedicatoria a Ruth Lechuga
650 14 - PUNTO DE ACCESO ADICIONAL DE MATERIA--TÉRMINO DE MATERIA
Término de materia o nombre geográfico como elemento de entrada Indígenas de México
Subdivisión general Antigüedades
9 (RLIN) 509
650 14 - PUNTO DE ACCESO ADICIONAL DE MATERIA--TÉRMINO DE MATERIA
Término de materia o nombre geográfico como elemento de entrada Indígenas de México
Subdivisión general Historia
9 (RLIN) 22707
651 #4 - PUNTO DE ACCESO ADICIONAL DE MATERIA--NOMBRE GEOGRÁFICO
Nombre geográfico México
Subdivisión general Antigüedades
9 (RLIN) 2765
651 #4 - PUNTO DE ACCESO ADICIONAL DE MATERIA--NOMBRE GEOGRÁFICO
Nombre geográfico México
Subdivisión general Historia
9 (RLIN) 614
902 ## - CATALOGADOR
Iniciales GRL
942 ## - ELEMENTOS DE PUNTO DE ACCESO ADICIONAL (KOHA)
Fuente del sistema de clasificación o colocación Library of Congress Classification
Tipo de ítem Koha Libros
Holdings
Estado de retiro Estado de pérdida Estado dañado No para préstamo Localización permanente Ubicación/localización actual Fecha de adquisición Número de inventario Total de préstamos Signatura topográfica completa Código de barras Fecha visto por última vez Precio válido a partir de Tipo de ítem Koha
El ejemplar forma parte de la colección y puede ser consultado según las políticas vigentes.       Biblioteca Centro de Estudios Ruth D. Lechuga Biblioteca Centro de Estudios Ruth D. Lechuga 14/08/2013 Au477   F1219 .S63 1980 (Au477) GRL00485 22/03/2019 22/03/2019 Libros